Crack Paths /
Furkejuvvon:
| Váldodahkki: | |
|---|---|
| Materiálatiipa: | Girji |
| Giella: | eaŋgalasgiella |
| Almmustuhtton: |
Southampton, Inglaterra :
WIT,
2002, c2002
|
| Ráidu: | (Advances in Damage Mechanics ;
2) |
| Fáttát: | |
| Fáddágilkorat: |
Eai fáddágilkorat, Lasit vuosttaš fáddágilkora!
|
MARC
| LEADER | 00000nam^a2200000^a^4500 | ||
|---|---|---|---|
| 001 | 000141654 | ||
| 005 | 20250521000000.0 | ||
| 009 | 20260310095622.127 | ||
| 020 | |a 1-85312-927-5 | ||
| 037 | |a Acervo ITESO - Biblioteca | ||
| 041 | |a ING | ||
| 082 | |a 624. 151 |b POO | ||
| 100 | |a Pook, L.P. |e (autor) | ||
| 245 | 1 | 0 | |a Crack Paths / |c L.P. Pook. |
| 264 | 4 | |a Southampton, Inglaterra : |b WIT, |c 2002, c2002 | |
| 300 | |a X, 154 p. | ||
| 336 | |a texto |b txt |2 rdacontenido | ||
| 337 | |a sin mediación |b n |2 rdamedio | ||
| 338 | |a volumen |b nc |2 rdasoporte | ||
| 440 | 1 | |a (Advances in Damage Mechanics ; |v 2) | |
| 649 | |a XX | ||
| 650 | |a Fatiga de Materiales | ||
| 650 | |a Esfuerzo y Tensión | ||
| 650 | |a Resistencia de Materiales | ||
| 650 | |a Estabilidad Estructural | ||
| 650 | |a Construcción | ||
| 650 | |a Mecánica de Suelos | ||
| 650 | |a Ingeniería Civil | ||
| 650 | |a Ingeniería | ||
| 910 | |a Fondo General | ||
| 920 | |a Impresos - Libros | ||
| 930 | |a Colección General | ||
| 905 | |a 101 | ||
| 901 | |a 0500070470 |b IT1 |c ACC |u 20250521 | ||
| 902 | |a https://opac.biblio.iteso.mx/vufind/Record/000141654 | ||